=LDR 00000nam 2200000 4500 =001 INLIS000000000014775 =005 20130612110043 =008 ***********************************Ind** =035 ##$$0010-061300000014775 =041 ##$$a Ind =082 ##$$a 297.54 =090 ##$$a 297.54, Sul z =100 ##$$a El Sulthani, Mawardi Labay =245 ##$$a Zikir dan doa dalam kesibukan, Membawa umat supaya sukses dan selamat, Mawardi Labay El Sulthani =260 ##$$a 2004 $b Jakarta =300 ##$$a lviii, 293 hlm, Ilus, 24 cm =650 ##$$a Do'a =850 ##$$a NBPNMAT